LEADER 01349nam0 22003011i 450 001 SUN0010696 005 20110208100330.166 010 $a88-324-4604-9 100 $a20021128d2002 |0itac50 ba 101 $aita 102 $aIT 105 $a|||| ||||| 200 1 $aTrasformazione, fusione, conferimento, scissione e liquidazione delle società$easpetti civilistici, contabili e fiscali, formulario su floppy$fMarco Confalonieri 205 $a17. ed 210 $dMilano : Il sole 24 ore$dc2002 215 $aXXIII, 830 p.$d24 cm. 410 1$1001SUN0010697$12001 $aSocietà$1210 $dMilano : Il sole 24 ore. 606 $aSocietà -Diritto-Italia$2FI$3SUNC005879 620 $dMilano$3SUNL000284 676 $a346.45066$cDiritto delle società - Italia$v21 700 1$aConfalonieri$b, Marco$3SUNV008121$0105831 712 $aIl sole 24 ore$3SUNV001053$4650 801 $aIT$bSOL$c20181109$gRICA 912 $aSUN0010696 950 $aUFFICIO DI BIBLIOTECA DEL DIPARTIMENTO DI GIURISPRUDENZA$d00 CONS VI.Eb.37 $e00 21847 995 $aUFFICIO DI BIBLIOTECA DEL DIPARTIMENTO DI GIURISPRUDENZA$h21847$kCONS VI.Eb.37$oc$qa 996 $aTrasformazione, fusione, conferimento, scissione e liquidazione delle società$941971 997 $aUNICAMPANIA LEADER 02145nam 2200565 a 450 001 9910790971903321 005 20161219111756.0 010 $a1-4833-2798-1 010 $a1-4522-4952-0 035 $a(CKB)2550000001194203 035 $a(EBL)1598441 035 $a(MiAaPQ)EBC1598441 035 $a(OCoLC)911615277 035 $a(StDuBDS)EDZ0000159354 035 $a(EXLCZ)992550000001194203 100 $a20130912d1998 fy 0 101 0 $aeng 135 $aur||||||||||| 181 $2rdacontent 182 $2rdamedia 183 $2rdacarrier 200 10$aBlack families in corporate America$b[electronic resource] /$fSusan D. Toliver 210 $aThousand Oaks, Calif. $cSAGE$dc1998 215 $a1 online resource (xiii, 193 p.) 225 1 $aUnderstanding families ;$vv. 11 300 $aDescription based upon print version of record. 311 $a1-322-42056-4 311 $a0-7619-0292-9 320 $aIncludes bibliographical references and index. 327 $apart I. The study -- part II. The data. 330 $aWhat progress have African-Americans made in corporate America? This book examines the evidence of studies on 200 black corporate managers and their families. Susan Toliver looks at changing gender dynamics within the families of black managers, changes in approaches to parenting, and issues of racial identity within corporations and the professional black community. 410 0$aUnderstanding families ;$vv. 11. 606 $aFamilies, Black$zUnited States 606 $aAfrican American families 606 $aMiddle class families$zUnited States 606 $aWork and family$zUnited States 606 $aCorporate culture$zUnited States 615 0$aFamilies, Black 615 0$aAfrican American families. 615 0$aMiddle class families 615 0$aWork and family 615 0$aCorporate culture 676 $a306.8508996073 700 $aToliver$b Susan Diane$01579287 801 0$bStDuBDS 801 1$bStDuBDS 906 $aBOOK 912 $a9910790971903321 996 $aBlack families in corporate America$93859292 997 $aUNINA